Neefektívny sociálny systém

Analytici sa zhodujú, že Slovensko musí prejsť komplexnou reformou systému sociálneho a zdravotného poistenia. Výška povinných odvodov - zamestnanci a zamestnávatelia. Výška povinných odvodov - SZČO a spolupracujúce osoby. Sadzby dane z príjmov fyzických osôb. Prehľad položiek, ktoré občan platí štá...

ver descrição completa

Na minha lista:
Detalhes bibliográficos
Autor principal: Onuferová, Marianna
Formato: Capítulo de Livro
Idioma:eslovaco
Assuntos:
Tags: Adicionar Tag
Sem tags, seja o primeiro a adicionar uma tag!

MARC

LEADER 00000naa a2200000 4500
001 r041745
005 20230920072554.8
041 0 |a slo 
044 |a SK 
245 1 0 |a Neefektívny sociálny systém  |c Marianna Onuferová 
520 |a Analytici sa zhodujú, že Slovensko musí prejsť komplexnou reformou systému sociálneho a zdravotného poistenia. Výška povinných odvodov - zamestnanci a zamestnávatelia. Výška povinných odvodov - SZČO a spolupracujúce osoby. Sadzby dane z príjmov fyzických osôb. Prehľad položiek, ktoré občan platí štátu. 
610 2 0 |a zdaňovanie 
610 2 0 |a dane 
610 2 0 |a reformy daňové 
610 2 0 |a odvody 
610 2 0 |a dane z príjmov 
610 2 0 |a osoby fyzické 
610 2 0 |a zamestnanci 
610 2 0 |a zamestnávatelia 
610 2 0 |a Slovensko 
100 1 |a Onuferová, Marianna